000 00493nam a2200181Ia 4500
005 20250326125527.0
008 250326s9999 xx 000 0 und d
037 _aTextbook
040 _aFMSL
_beng
_cFMSL
041 _aeng
_2eng
084 _aB281 K8
_qFMSL
100 _aTakacs L
_9286697
245 0 _aStochastic processes
_cTakacs L; Zador P
260 _aLondon
_bLondon, Science Paperbacks
_c1968
300 _a137p
942 _cTB
_hB281 K8
999 _c1278441
_d1278441